| 000 | 00702nam a2200193 a 4500 | ||
|---|---|---|---|
| 001 | 000035712 | ||
| 005 | 20200930074543.0 | ||
| 008 | 101201s1972 mx a 000 0 spa d | ||
| 040 |
_aDO-SdBNP _bspa _cBNPHU |
||
| 082 |
_axxxx _bJ26p |
||
| 100 | 1 |
_aJalil Gibran, Gibran. _947891 |
|
| 245 | 1 | 3 |
_aEl profeta / _cGibran Jalil Gibran ; versión castellana Sergio René Madero ; prólogo Roberto Oropesa Martínez. |
| 260 |
_aMéxico, D. F. : _bOrión, _c1972. |
||
| 300 |
_a176 p. : _bil. ; _c19 cm. |
||
| 590 | _aPerteneció a la biblioteca personal de Juan Isidro Jimenes Grullón | ||
| 700 | 1 |
_aMadero, Sergio René, _etr. _961647 |
|
| 700 | 1 |
_aMartínez, Roberto Oropesa, _epról. _961648 |
|
| 049 | _aBNGR | ||
| 999 |
_c35203 _d35203 |
||